000 00532nam a2200133 a 4500
008 120416s1970 ||||||||||||||||| || u
050 _aTS 155.8 Han
100 _aMaynard, Harold Bright
245 1 0 _aHandbook of modern manufacturing management
_cedited by H.B. Maynard
260 _aNew York
_bMcGraw-Hill
_c1970
300 _axx, various pagings : ill.
350 _a0.00
995 _D0.00
_FCBU-MAIN LIBRARY (Kitwe)
_H1
_I53.00
_M1
_UAVAILABLE
_ZMain Library Open Access Collection
999 _c45302
_d45302